MARC details
| 000 -LEADER |
| fixed length control field |
02022cam a2200373 a 4500 |
| 001 - CONTROL NUMBER |
| control field |
14895675 |
| 003 - CONTROL NUMBER IDENTIFIER |
| control field |
GZU |
| 005 - DATE AND TIME OF LATEST TRANSACTION |
| control field |
20201104093039.0 |
| 008 - FIXED-LENGTH DATA ELEMENTS--GENERAL INFORMATION |
| fixed length control field |
070619s2008 maua b 001 0 eng |
| 010 ## - LIBRARY OF CONGRESS CONTROL NUMBER |
| LC control number |
2007025203 |
| 020 ## - INTERNATIONAL STANDARD BOOK NUMBER |
| International Standard Book Number |
9780073401546 (alk. paper) |
| 020 ## - INTERNATIONAL STANDARD BOOK NUMBER |
| International Standard Book Number |
0073401544 (alk. paper) |
| 040 ## - CATALOGING SOURCE |
| Original cataloging agency |
DLC |
| Transcribing agency |
DLC |
| Modifying agency |
DLC |
| 043 ## - GEOGRAPHIC AREA CODE |
| Geographic area code |
n-us--- |
| 050 00 - LIBRARY OF CONGRESS CALL NUMBER |
| Classification number |
HV9104 |
| Item number |
.R43 2008 |
| 082 00 - DEWEY DECIMAL CLASSIFICATION NUMBER |
| Classification number |
364.360973 |
| Edition number |
22 |
| 100 1# - MAIN ENTRY--PERSONAL NAME |
| Personal name |
Regoli, Robert M. |
| 245 10 - TITLE STATEMENT |
| Title |
Delinquency in society / |
| Statement of responsibility, etc. |
Robert Regoli, John D. Hewitt, Matthew DeLisi. |
| 250 ## - EDITION STATEMENT |
| Edition statement |
7th ed. |
| 260 ## - PUBLICATION, DISTRIBUTION, ETC. |
| Place of publication, distribution, etc. |
Boston : |
| Name of publisher, distributor, etc. |
McGraw-Hill Higher Education, |
| Date of publication, distribution, etc. |
c2008. |
| 300 ## - PHYSICAL DESCRIPTION |
| Extent |
xix, 620 p. : |
| Other physical details |
ill. ; |
| Dimensions |
25 cm. |
| 504 ## - BIBLIOGRAPHY, ETC. NOTE |
| Bibliography, etc. note |
Includes bibliographical references (p. 536-590) and indexes. |
| 505 0# - FORMATTED CONTENTS NOTE |
| Formatted contents note |
Defining delinquency --Measuring delinquency -- Violent youth crime -- Illegal drug use and delinquency -- Individual theories of delinquency : choice and trait explanations -- Sociological theory : cultural deviance, strain, and social control explanations -- Sociological theory : labeling and conflict explanations -- Developmental theories -- Female delinquency theories -- The family and delinquency -- Schools and delinquency -- Peer group and gang delinquency -- Police and delinquency -- The juvenile court -- Juvenile corrections. |
| 650 #0 - SUBJECT ADDED ENTRY--TOPICAL TERM |
| Topical term or geographic name entry element |
Juvenile delinquency |
| Geographic subdivision |
United States. |
| 650 #0 - SUBJECT ADDED ENTRY--TOPICAL TERM |
| Topical term or geographic name entry element |
Juvenile justice, Administration of |
| Geographic subdivision |
United States. |
| 700 1# - ADDED ENTRY--PERSONAL NAME |
| Personal name |
Hewitt, John D., |
| Dates associated with a name |
1945- |
| 700 1# - ADDED ENTRY--PERSONAL NAME |
| Personal name |
DeLisi, Matt. |
| 856 41 - ELECTRONIC LOCATION AND ACCESS |
| Materials specified |
Table of contents only |
| Uniform Resource Identifier |
<a href="http://www.loc.gov/catdir/toc/ecip0720/2007025203.html">http://www.loc.gov/catdir/toc/ecip0720/2007025203.html</a> |
| 856 42 - ELECTRONIC LOCATION AND ACCESS |
| Materials specified |
Publisher description |
| Uniform Resource Identifier |
<a href="http://www.loc.gov/catdir/enhancements/fy0729/2007025203-d.html">http://www.loc.gov/catdir/enhancements/fy0729/2007025203-d.html</a> |
| 856 42 - ELECTRONIC LOCATION AND ACCESS |
| Materials specified |
Contributor biographical information |
| Uniform Resource Identifier |
<a href="http://www.loc.gov/catdir/enhancements/fy0735/2007025203-b.html">http://www.loc.gov/catdir/enhancements/fy0735/2007025203-b.html</a> |
| 906 ## - LOCAL DATA ELEMENT F, LDF (RLIN) |
| a |
7 |
| b |
cbc |
| c |
orignew |
| d |
1 |
| e |
ecip |
| f |
20 |
| g |
y-gencatlg |
| 942 ## - ADDED ENTRY ELEMENTS (KOHA) |
| Source of classification or shelving scheme |
Library of Congress Classification |
| Koha item type |
Books |
| Edition |
7th ed |
| Classification part |
9104 |
| Item part |
REG |
| Call number prefix |
HV |
| Call number suffix |
2008 |